00413nam a2200157Ia 450000500170000000800410001702000150005808200160007310000150008924500480010426000530015230000130020565000110021865000100022965000160023920240806041625.0240331s9999 xx 000 0 und d a076199422X bJOHa384.55 aJohnson, K 0aTelevision and social change in rural India aNew delhibSage Publications India Pvt Ltdc2000 a247 p ., aSocial aMedia aRural india